01194nam a2200301Ia 4500001001200000003000800012006001900020007001500039008004100054010001700095020004300112040002100155035002100176050002300197082002000220100002200240245011200262260004000374300002200414504005100436533015200487650002800639650003200667650002100699655002900720710001700749856012600766ebr10340969CaPaEBRm u cr cn|||||||||090318s2009 maua sb 001 0 eng d z 2009009928 z9780262013383 (hardcover : alk. paper) aCaPaEBRcCaPaEBR a(OCoLC)50356811314aRC338b.G76 2009eb04a616.80092/22221 aGross, Charles G.12aA hole in the headh[electronic resource] :bmore tales in the history of neuroscience /cCharles G. Gross. aCambridge, MA :bMIT Press,cc2009. ax, 356 p. :bill. aIncludes bibliographical references and index. aElectronic reproduction.bPalo Alto, Calif. :cebrary,d2009.nAvailable via World Wide Web.nAccess may be limited to ebrary affiliated libraries. 0aNeurosciencesxHistory. 0aNeurosciences and the arts. 0aNeuroscientists. 7aElectronic books.2local2 aebrary, Inc.40uhttp://site.ebrary.com/lib/rucke/Doc?id=10340969zAn electronic book accessible through the World Wide Web; click to view